Fascinación por la momias. Reforzamiento de la vida /

La presentación se relaciona con la experiencia museológica en el Museo Arqueológico San Miguel de Azapa, Chile, donde los usuarios del Museo expresan opiniones sobre las momias expuestas. Las proposiciones de los visitantes permiten interpretar los conceptos sobre la vida y la muerte cuando se enfr...

Full description

Bibliographic Details
Main Author: Cordova González, Julia
Other Authors: Bernal Peralta, Jorge
Format: Libro
Language:English
Published: Arica Universidad de Tarapacá 2001
Subjects:
Online Access:Acceso electrónico al documento

MARC

LEADER 00000cam a2200000 a 4500
001 028666
003 UAHC_CL
005 20170803122955.0
008 020118s2000 cl 000 eng
040 |a UAHC_CL  |c UAHC_CL  |d UAHC_CL 
100 1 |a Cordova González, Julia 
245 1 0 |a Fascinación por la momias. Reforzamiento de la vida /  |c Julia Cordova González, Jorge Bernal Peralta. 
260 |a Arica  |b Universidad de Tarapacá  |c 2001 
520 |a La presentación se relaciona con la experiencia museológica en el Museo Arqueológico San Miguel de Azapa, Chile, donde los usuarios del Museo expresan opiniones sobre las momias expuestas. Las proposiciones de los visitantes permiten interpretar los conceptos sobre la vida y la muerte cuando se enfrentan a una realidad inexcusable. 
650 4 |a MOMIAS 
650 4 |a EMBALSAMAMIENTO 
700 1 |a Bernal Peralta, Jorge 
856 |u http://www.scielo.cl/scielo.php?script=sci_arttext&pid=S0717-73562001000100015&lng=es&nrm=iso&tlng=es  |3 Acceso electrónico al documento  |y Acceso electrónico al documento 
900 |a CHUNGARA ARICA-01/01 
942 |c BK 
999 |c 28666  |d 28666